[Event "Cesme op-A 11th"]
[Site "Izmir"]
[Date "2025.06.29"]
[Round "9"]
[White "Varyemez, Ali"]
[Black "Davies, Nigel Rodney"]
[Result "1/2-1/2"]
[WhiteElo "2023"]
[BlackElo "2316"]
[PlyCount "57"]
[EventDate "2025.06.23"]
[EventType "swiss"]
[EventRounds "9"]
[EventCountry "TUR"]
[SourceTitle "CB27_2025"]
[SourceDate "2025.07.02"]
[SourceVersion "1"]
[SourceVersionDate "2025.07.02"]
[SourceQuality "1"]

1. d4 g6 2. Nf3 Bg7 3. e4 d6 4. Bc4 Nf6 5. Qe2 0-0 6. 0-0 c6 7. e5 Nd5 8. h3 Na6 9. Bxa6 bxa6 10. c4 Nc7 11. Rd1 Ne6 12. Nc3 dxe5 13. dxe5 Qc7 14. b3 Bb7 15. Qe3 Rfd8 16. Bb2 Qb6 17. Ba3 Qxe3 18. fxe3 Kf8 19. Ne4 Ke8 20. Nc5 Nxc5 21. Bxc5 Rxd1+ 22. Rxd1 Bc8 23. Kf2 a5 24. Bd4 a4 25. Nd2 axb3 26. axb3 c5 27. Bxc5 Bxe5 28. Bd4 Bc7 29. Ra1 1/2-1/2

[Event "ENG-ch Seniors 50"]
[Site "Kenilworth"]
[Date "2025.04.28"]
[Round "7"]
[White "Dishman, Stephen"]
[Black "Davies, Nigel Rodney"]
[Result "0-1"]
[WhiteElo "2279"]
[BlackElo "2309"]
[PlyCount "138"]
[EventDate "2025.04.24"]
[EventType "swiss"]
[EventRounds "7"]
[EventCountry "ENG"]
[SourceTitle "CB18_2025"]
[SourceDate "2025.04.30"]
[SourceVersion "1"]
[SourceVersionDate "2025.04.30"]
[SourceQuality "1"]

1. Nf3 d6 2. d4 Nf6 3. Nc3 Bf5 4. Nh4 Bd7 5. e4 e5 6. Nf3 Nc6 7. h3 exd4 8. Nxd4 g6 9. Bg5 Bg7 10. Nxc6 bxc6 11. Bd3 h6 12. Bh4 Qb8 13. Rb1 Nh5 14. 0-0 Nf4 15. Bg3 Nxd3 16. Qxd3 Qb6 17. Kh1 Qd4 18. Qe2 Be6 19. Rfd1 Qc4 20. Qxc4 Bxc4 21. b3 Be6 22. Ne2 0-0-0 23. c4 Rhe8 24. Nf4 Bd7 25. Re1 g5 26. Nh5 Bc3 27. Re3 Bd4 28. Ree1 f5 29. f3 c5 30. Bh2 fxe4 31. fxe4 Bc6 32. Ng3 Re6 33. Bg1 Bc3 34. Re2 Rde8 35. Rc1 Be5 36. Bf2 Bxg3 37. Bxg3 Rxe4 38. Rxe4 Rxe4 39. Re1 Rd4 40. Re2 a5 41. Kg1 a4 42. Kf2 Kd7 43. Bh2 Rd1 44. Bg3 axb3 45. axb3 Rb1 46. Re3 Rb2+ 47. Ke1 Bxg2 48. h4 Kc6 49. Kd1 Bf1 50. Kc1 Re2 51. Rxe2 Bxe2 52. hxg5 hxg5 53. Kd2 Bf3 54. Kc3 Kd7 55. b4 cxb4+ 56. Kxb4 c6 57. c5 d5 58. Kc3 Ke6 59. Kd4 Kf5 60. Ke3 Be4 61. Bd6 Kg4 62. Be5 Kh3 63. Kf2 g4 64. Bf4 d4 65. Be5 d3 66. Bf4 g3+ 67. Ke3 Kg4 68. Bc7 Kh3 69. Bf4 Bd5 0-1

[Event "ENG-ch Seniors 50"]
[Site "Kenilworth"]
[Date "2025.04.27"]
[Round "6"]
[White "Davies, Nigel Rodney"]
[Black "White, Russell P"]
[Result "1-0"]
[WhiteElo "2309"]
[BlackElo "1874"]
[PlyCount "89"]
[EventDate "2025.04.24"]
[EventType "swiss"]
[EventRounds "7"]
[EventCountry "ENG"]
[SourceTitle "CB18_2025"]
[SourceDate "2025.04.30"]
[SourceVersion "1"]
[SourceVersionDate "2025.04.30"]
[SourceQuality "1"]

1. Nf3 Nf6 2. c4 e6 3. g3 d5 4. Bg2 dxc4 5. Qc2 Nc6 6. Qxc4 Qd5 7. Qa4 Bd7 8. Nc3 Qh5 9. d3 Bd6 10. h3 a6 11. Bd2 Rb8 12. g4 Qa5 13. Qxa5 Nxa5 14. g5 Ng8 15. Ne4 Nc6 16. Nxd6+ cxd6 17. Bc3 e5 18. Nd2 Nge7 19. Nc4 Nf5 20. Nb6 Be6 21. h4 h6 22. Kd2 Nfe7 23. f4 d5 24. Bxe5 Nxe5 25. fxe5 Rd8 26. d4 Nf5 27. Kd3 Ng3 28. Rhg1 Nf5 29. Rh1 Ng3 30. Rhc1 hxg5 31. hxg5 Rh4 32. Rg1 Bf5+ 33. Ke3 Bg6 34. Nxd5 Nf5+ 35. Kf2 Rxd4 36. Rad1 Rc8 37. Rc1 Rxc1 38. Rxc1 Kd8 39. Nb6 Ne7 40. Nc4 b5 41. Ne3 Be4 42. Bh3 Nd5 43. e6 fxe6 44. Bxe6 Ke7 45. Bxd5 1-0

[Event "EU-chT Seniors 50"]
[Site "Swidnica"]
[Date "2025.04.13"]
[Round "9.4"]
[White "Davies, Nigel Rodney"]
[Black "Tischbierek, Raj"]
[Result "1/2-1/2"]
[WhiteElo "2309"]
[BlackElo "2418"]
[PlyCount "27"]
[EventDate "2025.04.05"]
[EventType "team-tourn"]
[EventRounds "9"]
[EventCountry "POL"]
[SourceTitle "CB16_2025"]
[SourceDate "2025.04.16"]
[SourceVersion "1"]
[SourceVersionDate "2025.04.16"]
[SourceQuality "1"]
[WhiteTeam "England 50"]
[BlackTeam "Germany 50"]
[WhiteTeamCountry "ENG"]
[BlackTeamCountry "GER"]

1. d4 Nf6 2. Nf3 d5 3. c4 e6 4. e3 Be7 5. Nc3 0-0 6. Bd3 c5 7. 0-0 cxd4 8. exd4 dxc4 9. Bxc4 Nc6 10. a3 b6 11. d5 Na5 12. Ba2 exd5 13. Nxd5 Nxd5 14. Bxd5 1/2-1/2

[Event "WchT Seniors 50"]
[Site "Prague"]
[Date "2025.02.18"]
[Round "2.1"]
[White "Hjartarson, Johann"]
[Black "Davies, Nigel Rodney"]
[Result "1/2-1/2"]
[WhiteElo "2464"]
[BlackElo "2294"]
[PlyCount "83"]
[EventDate "2025.02.17"]
[EventType "team-swiss"]
[EventRounds "9"]
[EventCountry "CZE"]
[SourceTitle "CB09_2025"]
[SourceDate "2025.02.27"]
[SourceVersion "1"]
[SourceVersionDate "2025.02.27"]
[SourceQuality "1"]
[WhiteTeam "Iceland 50"]
[BlackTeam "England 50 II"]
[WhiteTeamCountry "ISL"]
[BlackTeamCountry "ENG"]

1. e4 c5 2. Nf3 e6 3. d4 cxd4 4. Nxd4 a6 5. Bd3 Bc5 6. Nb3 Ba7 7. 0-0 Nc6 8. Qg4 Qf6 9. Nc3 Nge7 10. Qg3 Qg6 11. Bf4 f6 12. Bd6 Qxg3 13. hxg3 Bb8 14. Bxb8 Rxb8 15. Rad1 Kd8 16. f4 Kc7 17. Kf2 d6 18. Rd2 Bd7 19. Nd1 b5 20. Ne3 a5 21. c3 a4 22. Nc1 Na5 23. Nc2 Nec6 24. a3 Nb7 25. Nb4 Nc5 26. Bc2 Na5 27. Re2 Rbd8 28. Bb1 Bc8 29. Ba2 Bb7 30. Rfe1 Nc4 31. Ncd3 Rhe8 32. g4 h6 33. g3 Kb6 34. Bb1 e5 35. Nd5+ Bxd5 36. exd5 Nxd3+ 37. Bxd3 Kc5 38. Bg6 Re7 39. Rd1 Rdd7 40. Bf5 Rd8 41. Be6 Kb6 42. Kf3 1/2-1/2

[Event "Huddersfield 4NCL op 32nd"]
[Site "Huddersfield"]
[Date "2025.01.19"]
[Round "5"]
[White "Astrom, Lars"]
[Black "Davies, Nigel Rodney"]
[Result "1/2-1/2"]
[WhiteElo "2098"]
[BlackElo "2302"]
[PlyCount "152"]
[EventDate "2025.01.17"]
[EventType "swiss"]
[EventRounds "5"]
[EventCountry "ENG"]
[SourceTitle "CB04_2025"]
[SourceDate "2025.01.22"]
[SourceVersion "1"]
[SourceVersionDate "2025.01.22"]
[SourceQuality "1"]

1. e4 g6 2. d4 Bg7 3. Nf3 d6 4. Nc3 c6 5. a4 Nf6 6. Be2 0-0 7. 0-0 Nbd7 8. e5 Ne8 9. Bg5 dxe5 10. dxe5 Nc7 11. Re1 Ne6 12. Bh4 Nxe5 13. Nxe5 Bxe5 14. Qxd8 Rxd8 15. Bxe7 Re8 16. Bh4 Nc5 17. Bg3 Bxg3 18. hxg3 a5 19. Nd1 Bg4 20. Kf1 Ne4 21. Ne3 Nd2+ 22. Kg1 Bxe2 23. Rxe2 Nc4 24. b3 Nxe3 25. fxe3 Rad8 26. Rf1 Re5 27. Rf4 Rd1+ 28. Kf2 g5 29. Rf3 f5 30. e4 fxe4 31. Rc3 Kf7 32. Rc4 e3+ 33. Rxe3 Rd2+ 34. Kf3 Rxe3+ 35. Kxe3 Rxg2 36. Kf3 Rd2 37. b4 Rd5 38. c3 h5 39. bxa5 c5 40. a6 bxa6 41. a5 Ke6 42. Ke3 Re5+ 43. Kd3 Kd5 44. Ra4 Rf5 45. Ke2 g4 46. Ra1 Rf3 47. Rh1 Rxg3 48. Rxh5+ Kc4 49. Rg5 Kb5 50. Kd2 Rg1 51. Kc2 Kc4 52. Rg6 Rg2+ 53. Kd1 Kd3 54. Rd6+ Kxc3 55. Rxa6 c4 56. Rg6 Rg1+ 57. Ke2 Rg2+ 58. Kd1 Rd2+ 59. Ke1 Ra2 60. a6 Kb3 61. Rb6+ Kc2 62. Kf2 Ra3 63. Rc6 c3 64. Kg3 Ra4 65. Rb6 Kd2 66. Rd6+ Kc1 67. Rc6 c2 68. Rb6 Kd2 69. Rd6+ Kc3 70. Rc6+ Kd3 71. Rd6+ Rd4 72. Rxd4+ Kxd4 73. a7 c1Q 74. a8Q Qe3+ 75. Kxg4 Qe4+ 76. Qxe4+ Kxe4 1/2-1/2

[Event "Huddersfield 4NCL op 32nd"]
[Site "Huddersfield"]
[Date "2025.01.19"]
[Round "4"]
[White "Davies, Nigel Rodney"]
[Black "Ganti, Shriaansh"]
[Result "1-0"]
[WhiteElo "2302"]
[BlackElo "1943"]
[PlyCount "65"]
[EventDate "2025.01.17"]
[EventType "swiss"]
[EventRounds "5"]
[EventCountry "ENG"]
[SourceTitle "CB04_2025"]
[SourceDate "2025.01.22"]
[SourceVersion "1"]
[SourceVersionDate "2025.01.22"]
[SourceQuality "1"]

1. Nf3 d5 2. g3 Nf6 3. Bg2 e6 4. 0-0 Be7 5. d3 c6 6. Nbd2 b6 7. e4 Bb7 8. Re1 0-0 9. e5 Nfd7 10. Nf1 c5 11. h4 Re8 12. N1h2 f6 13. exf6 Bxf6 14. Ng4 Na6 15. c3 b5 16. Bg5 h6 17. Bxf6 Nxf6 18. Nfe5 Nxg4 19. Qxg4 Nc7 20. d4 c4 21. Bf3 Bc8 22. Bd1 Qf6 23. Re3 Qf5 24. Qe2 Rf8 25. Bc2 Qf6 26. Re1 Qd8 27. Qh5 Qe8 28. Bg6 Qe7 29. g4 Rf6 30. g5 Rf4 31. gxh6 gxh6 32. Rg3 Qxh4 33. Bh7+ 1-0

[Event "Huddersfield 4NCL op 32nd"]
[Site "Huddersfield"]
[Date "2025.01.18"]
[Round "3"]
[White "Pilley, Jack"]
[Black "Davies, Nigel Rodney"]
[Result "1/2-1/2"]
[WhiteElo "1937"]
[BlackElo "2302"]
[PlyCount "104"]
[EventDate "2025.01.17"]
[EventType "swiss"]
[EventRounds "5"]
[EventCountry "ENG"]
[SourceTitle "CB04_2025"]
[SourceDate "2025.01.22"]
[SourceVersion "1"]
[SourceVersionDate "2025.01.22"]
[SourceQuality "1"]

1. e4 e5 2. Nc3 Nf6 3. f4 d5 4. fxe5 Nxe4 5. Qf3 Nxc3 6. bxc3 c5 7. Bb5+ Bd7 8. Bxd7+ Qxd7 9. Ne2 Nc6 10. d4 0-0-0 11. 0-0 f6 12. exf6 gxf6 13. Be3 Rg8 14. Ng3 Rg6 15. Nf5 cxd4 16. cxd4 Ne7 17. Nxe7+ Bxe7 18. c4 Qg4 19. Qxg4+ Rxg4 20. c5 Rdg8 21. g3 Re4 22. Rae1 Bd8 23. Rf5 Ba5 24. Re2 Rd8 25. Rxf6 Bc3 26. Rf4 Bxd4 27. Rxe4 dxe4 28. Bxd4 Rxd4 29. Kf2 Kd7 30. Ke3 Ra4 31. Rb2 Kc6 32. g4 Kd5 33. Rxb7 Ra3+ 34. Ke2 Rxa2+ 35. Ke3 Ra3+ 36. Ke2 Rh3 37. Rd7+ Kxc5 38. Rxa7 Kd4 39. Rd7+ Ke5 40. Rf7 Rxh2+ 41. Ke3 Rh3+ 42. Ke2 h6 43. Rf8 Rh4 44. Re8+ Kf4 45. Rf8+ Kxg4 46. Ke3 Kg3 47. Rg8+ Kh2 48. Rg6 h5 49. Rg5 Rh3+ 50. Kxe4 h4 51. Rg4 Kh1 52. Kf4 Kh2 1/2-1/2

[Event "Maia op"]
[Site "Maia"]
[Date "2024.08.28"]
[Round "6"]
[White "Davies, Nigel Rodney"]
[Black "Popov, Serguei1"]
[Result "1/2-1/2"]
[WhiteElo "2328"]
[BlackElo "1940"]
[PlyCount "77"]
[EventDate "2024.08.23"]
[EventType "swiss"]
[EventRounds "9"]
[EventCountry "POR"]
[SourceTitle "CBM 221 Extra"]
[Source "ChessBase"]
[SourceDate "2024.09.30"]
[SourceVersion "1"]
[SourceVersionDate "2024.09.30"]
[SourceQuality "1"]

1. Nf3 d5 2. g3 Nf6 3. Bg2 e6 4. 0-0 Be7 5. d3 c5 6. Nbd2 Nc6 7. e4 h6 8. Re1 0-0 9. e5 Nh7 10. Nf1 Rb8 11. h4 b5 12. c3 a5 13. Bf4 b4 14. Qe2 bxc3 15. bxc3 Ba6 16. N1h2 a4 17. Rad1 a3 18. Rb1 Qa5 19. c4 dxc4 20. dxc4 Qa4 21. Bf1 Rfd8 22. Ng4 Kh8 23. Qe4 Nb4 24. Bxh6 gxh6 25. Qf4 Qe8 26. Nxh6 Kg7 27. Ng4 Qf8 28. Re3 Bb7 29. Rxa3 Ra8 30. Rxa8 Rxa8 31. Rxb4 cxb4 32. Bd3 Kh8 33. Nh6 f5 34. Nd4 Rxa2 35. Nxe6 Ra1+ 36. Bf1 Qc8 37. Nf7+ Kg8 38. Nh6+ Kh8 39. Nf7+ 1/2-1/2

[Event "Maia op"]
[Site "Maia"]
[Date "2024.08.27"]
[Round "5"]
[White "Suarez Hernan, Santiago"]
[Black "Davies, Nigel Rodney"]
[Result "1/2-1/2"]
[WhiteElo "1994"]
[BlackElo "2328"]
[PlyCount "45"]
[EventDate "2024.08.23"]
[EventType "swiss"]
[EventRounds "9"]
[EventCountry "POR"]
[SourceTitle "CBM 221 Extra"]
[Source "ChessBase"]
[SourceDate "2024.09.30"]
[SourceVersion "1"]
[SourceVersionDate "2024.09.30"]
[SourceQuality "1"]

1. d4 d6 2. Nf3 Nf6 3. c4 Nbd7 4. g3 e5 5. Bg2 Be7 6. 0-0 0-0 7. Nc3 c6 8. Qc2 Re8 9. Rd1 Bf8 10. dxe5 dxe5 11. e4 Qc7 12. h3 a5 13. Be3 Bc5 14. Bxc5 Nxc5 15. b3 b6 16. a3 Bb7 17. b4 Ne6 18. Qb2 Red8 19. Ne2 Nd7 20. Nc3 Nf6 21. Ne2 Nd7 22. Nc3 Nf6 23. Ne2 1/2-1/2

[Event "BCF-ch"]
[Site "Hull"]
[Date "2024.08.04"]
[Round "9"]
[White "Davies, Nigel Rodney"]
[Black "Stubbs, Oliver"]
[Result "1/2-1/2"]
[WhiteElo "2325"]
[BlackElo "2146"]
[PlyCount "31"]
[EventDate "2024.07.27"]
[EventType "swiss"]
[EventRounds "9"]
[EventCountry "ENG"]
[SourceTitle "CBM 221 Extra"]
[Source "ChessBase"]
[SourceDate "2024.09.30"]
[SourceVersion "1"]
[SourceVersionDate "2024.09.30"]
[SourceQuality "1"]

1. Nf3 Nf6 2. c4 g6 3. g3 Bg7 4. Bg2 d5 5. cxd5 Nxd5 6. 0-0 Nc6 7. Nc3 0-0 8. d4 Nb6 9. d5 Na5 10. Qc2 c6 11. dxc6 Nxc6 12. Rd1 Bd7 13. Qe4 Bxc3 14. bxc3 Bf5 15. Rxd8 Bxe4 16. Rxf8+ 1/2-1/2

[Event "BCF-ch"]
[Site "Hull"]
[Date "2024.08.01"]
[Round "6"]
[White "Sachdeva, Ronit"]
[Black "Davies, Nigel Rodney"]
[Result "1/2-1/2"]
[WhiteElo "1972"]
[BlackElo "2325"]
[PlyCount "47"]
[EventDate "2024.07.27"]
[EventType "swiss"]
[EventRounds "9"]
[EventCountry "ENG"]
[SourceTitle "CBM 221 Extra"]
[Source "ChessBase"]
[SourceDate "2024.09.30"]
[SourceVersion "1"]
[SourceVersionDate "2024.09.30"]
[SourceQuality "1"]

1. d4 Nf6 2. c4 e6 3. g3 d5 4. Bg2 Be7 5. Nf3 0-0 6. 0-0 Nbd7 7. Qc2 a5 8. Nbd2 c5 9. Rd1 Qb6 10. e3 cxd4 11. Nxd4 Ne5 12. cxd5 exd5 13. N2f3 Nc6 14. Bd2 Ne4 15. Be1 Bg4 16. h3 Nxd4 17. Rxd4 Be6 18. Rdd1 Rfc8 19. Qb3 Qxb3 20. axb3 Bf6 21. Nd4 Bxd4 22. Rxd4 Rc2 23. Bxe4 dxe4 24. Rxa5 1/2-1/2

[Event "BCF-ch"]
[Site "Hull"]
[Date "2024.07.31"]
[Round "5"]
[White "Davies, Nigel Rodney"]
[Black "Sivanandan, Bodhana"]
[Result "1/2-1/2"]
[WhiteElo "2325"]
[BlackElo "2185"]
[PlyCount "110"]
[EventDate "2024.07.27"]
[EventType "swiss"]
[EventRounds "9"]
[EventCountry "ENG"]
[SourceTitle "CBM 221 Extra"]
[Source "ChessBase"]
[SourceDate "2024.09.30"]
[SourceVersion "1"]
[SourceVersionDate "2024.09.30"]
[SourceQuality "1"]

1. c4 c6 2. d4 d5 3. cxd5 cxd5 4. Nc3 Nf6 5. Bf4 Nc6 6. e3 a6 7. Bd3 Bg4 8. Nge2 e6 9. 0-0 Bd6 10. Bxd6 Qxd6 11. f3 Bh5 12. Nf4 Bg6 13. Nxg6 hxg6 14. f4 Qe7 15. Rc1 Nd7 16. g3 f5 17. h4 Rc8 18. Kg2 Nf6 19. Qd2 Kf7 20. Rfd1 Rc7 21. Na4 Nh5 22. Rh1 Rhc8 23. Nb6 Rh8 24. a3 Qd6 25. Qc3 Qd8 26. Na4 Qe7 27. Nc5 Nb8 28. Qd2 Rhc8 29. b4 Qd8 30. a4 Nd7 31. a5 Ndf6 32. Rc2 Ne8 33. b5 axb5 34. Bxb5 Nd6 35. Bd3 Nf6 36. Rhc1 Nfe4 37. Qb4 Qe7 38. Kh3 Nxc5 39. Rxc5 Ne8 40. Qb6 Qd8 41. Bb5 Rxc5 42. dxc5 Qxb6 43. axb6 Ke7 44. g4 Nf6 45. Ba6 Nd7 46. Bxb7 Rxc5 47. Rxc5 Nxc5 48. Bc6 Kd8 49. h5 fxg4+ 50. Kxg4 gxh5+ 51. Kxh5 Nb3 52. b7 Kc7 53. Bd7 d4 54. exd4 Nxd4 55. Kg6 Ne2 1/2-1/2

[Event "BCF-ch"]
[Site "Hull"]
[Date "2024.07.30"]
[Round "4"]
[White "Shearsby, Jude"]
[Black "Davies, Nigel Rodney"]
[Result "1/2-1/2"]
[WhiteElo "2130"]
[BlackElo "2325"]
[PlyCount "52"]
[EventDate "2024.07.27"]
[EventType "swiss"]
[EventRounds "9"]
[EventCountry "ENG"]
[SourceTitle "CBM 221 Extra"]
[Source "ChessBase"]
[SourceDate "2024.09.30"]
[SourceVersion "1"]
[SourceVersionDate "2024.09.30"]
[SourceQuality "1"]

1. e4 c5 2. Nf3 e6 3. d4 cxd4 4. Nxd4 a6 5. Bd3 Bc5 6. Nb3 Ba7 7. 0-0 Nc6 8. Qe2 d6 9. Be3 Nf6 10. Nc3 Bxe3 11. Qxe3 0-0 12. Rad1 b5 13. Nd4 Qc7 14. Nxc6 Qxc6 15. Be2 Bb7 16. Bf3 Qc7 17. a3 Rfd8 18. Rd2 Rd7 19. Rfd1 Rad8 20. e5 dxe5 21. Bxb7 Qxb7 22. Rxd7 Rxd7 23. Qxe5 h6 24. Rxd7 Qxd7 25. Qe3 Qd6 26. h3 g5 1/2-1/2

[Event "BCF-ch"]
[Site "Hull"]
[Date "2024.07.29"]
[Round "3"]
[White "Davies, Nigel Rodney"]
[Black "Bazakutsa, Svyatoslav"]
[Result "0-1"]
[WhiteElo "2325"]
[BlackElo "2490"]
[PlyCount "80"]
[EventDate "2024.07.27"]
[EventType "swiss"]
[EventRounds "9"]
[EventCountry "ENG"]
[SourceTitle "CBM 221 Extra"]
[Source "ChessBase"]
[SourceDate "2024.09.30"]
[SourceVersion "1"]
[SourceVersionDate "2024.09.30"]
[SourceQuality "1"]

1. d4 Nf6 2. Nf3 g6 3. Nbd2 d5 4. b3 Bg7 5. Bb2 0-0 6. e3 b6 7. c4 Bb7 8. Be2 Nbd7 9. 0-0 c5 10. dxc5 Nxc5 11. b4 Nce4 12. Nxe4 Nxe4 13. Bxg7 Kxg7 14. Qd4+ f6 15. Rfd1 dxc4 16. Qxc4 Nd6 17. Qb3 Bxf3 18. Bxf3 Rc8 19. a4 Qc7 20. Qe6 Rfd8 21. a5 b5 22. a6 Qd7 23. Qb3 Qf5 24. h3 h5 25. Qd5 Qxd5 26. Rxd5 Rc4 27. Rb1 Rc2 28. Bd1 Ra2 29. Rc1 Rxa6 30. Rc7 Kf7 31. Be2 Ra1+ 32. Kh2 a6 33. Ra7 h4 34. Rd4 Rh8 35. Bf3 f5 36. e4 Kf6 37. exf5 gxf5 38. Rd1 Rxd1 39. Bxd1 Rc8 40. Rxa6 Rc4 0-1

[Event "EU-chT Seniors 50"]
[Site "Terme Catez"]
[Date "2024.05.15"]
[Round "9.3"]
[White "Duncan, Christopher R"]
[Black "Davies, Nigel Rodney"]
[Result "1/2-1/2"]
[WhiteElo "2158"]
[BlackElo "2332"]
[PlyCount "84"]
[EventDate "2024.05.07"]
[EventType "team-swiss"]
[EventRounds "9"]
[EventCountry "SLO"]
[SourceTitle "CBM 220 Extra"]
[Source "ChessBase"]
[SourceDate "2024.07.31"]
[SourceVersion "1"]
[SourceVersionDate "2024.07.31"]
[SourceQuality "1"]
[WhiteTeam "England 50 II"]
[BlackTeam "England 50"]
[WhiteTeamCountry "ENG"]
[BlackTeamCountry "ENG"]

1. c4 e5 2. Nc3 Bb4 3. Nd5 a5 4. Nf3 d6 5. a3 Bc5 6. e3 c6 7. Nc3 Nd7 8. d4 Ba7 9. Be2 Ngf6 10. 0-0 0-0 11. b3 Re8 12. dxe5 dxe5 13. Bb2 Qe7 14. Qc2 Bb8 15. Ne4 Nxe4 16. Qxe4 Nc5 17. Qc2 Bg4 18. b4 e4 19. Nd4 Bxe2 20. Qxe2 Nd3 21. Nf5 Qc7 22. g3 Nxb2 23. Qxb2 Qe5 24. Nd4 h5 25. Rfd1 h4 26. Qe2 Qg5 27. Kg2 Be5 28. Ra2 g6 29. Rad2 axb4 30. axb4 Ra4 31. Rb1 Kg7 32. Qd1 Raa8 33. Qc2 Bf6 34. Rdd1 Re7 35. Qe2 Rh8 36. g4 h3+ 37. Kh1 Rh4 38. Rg1 Bxd4 39. exd4 e3 40. f3 Rh8 41. Rbd1 Rd8 42. Rd3 Qf4 1/2-1/2

[Event "Bolton Easter op"]
[Site "Bolton"]
[Date "2024.03.29"]
[Round "1"]
[White "Davies, Nigel Rodney"]
[Black "Keely, Leo A"]
[Result "1-0"]
[WhiteElo "2332"]
[BlackElo "1923"]
[PlyCount "83"]
[EventDate "2024.03.29"]
[EventType "swiss"]
[EventRounds "6"]
[EventCountry "ENG"]
[SourceTitle "CBM 219 Extra"]
[Source "ChessBase"]
[SourceDate "2024.05.31"]
[SourceVersion "1"]
[SourceVersionDate "2024.05.31"]
[SourceQuality "1"]

1. d4 Nf6 2. Nf3 g6 3. Nbd2 d5 4. e3 Bg7 5. b4 0-0 6. Bb2 a5 7. b5 a4 8. c4 a3 9. Bc3 dxc4 10. e4 Nbd7 11. Bxc4 Nb6 12. Bb3 Bg4 13. 0-0 Bxf3 14. Qxf3 Na4 15. e5 Ne8 16. Bxa4 Rxa4 17. Qxb7 Bh6 18. Nb3 Rc4 19. Ba5 Ng7 20. Rad1 e6 21. Bd2 Qh4 22. Bxh6 Qxh6 23. Rc1 Rxc1 24. Rxc1 Ne8 25. Qa6 Qg5 26. Qxa3 f6 27. Qe7 Qf5 28. Qc5 Qf4 29. Qc4 Ng7 30. g3 Qf3 31. Qc3 Qf5 32. Qc2 Qf3 33. Qd1 Qf5 34. Qe2 fxe5 35. dxe5 Qf7 36. Nc5 Qe7 37. Ne4 Nh5 38. Qc4 Rd8 39. Qxc7 Rd1+ 40. Kg2 Rd7 41. b6 Kf8 42. b7 1-0

[Event "WchT Seniors 50"]
[Site "Struga"]
[Date "2023.09.28"]
[Round "9.4"]
[White "Davies, Nigel Rodney"]
[Black "An, Yangfeng"]
[Result "1-0"]
[WhiteElo "2354"]
[BlackElo "2259"]
[PlyCount "59"]
[EventDate "2023.09.19"]
[EventType "team-swiss"]
[EventRounds "9"]
[EventCountry "MKD"]
[SourceTitle "CBM 216 Extra"]
[Source "ChessBase"]
[SourceDate "2023.11.30"]
[SourceVersion "1"]
[SourceVersionDate "2023.11.30"]
[SourceQuality "1"]
[WhiteTeam "England 50"]
[BlackTeam "China ShenZhen 50 (W)"]
[WhiteTeamCountry "ENG"]
[BlackTeamCountry "CHN"]

1. Nf3 Nf6 2. c4 g6 3. g3 Bg7 4. Bg2 d6 5. d4 0-0 6. 0-0 Nbd7 7. Nc3 c6 8. b3 Re8 9. e4 e5 10. h3 exd4 11. Nxd4 Nc5 12. Re1 a5 13. Bf4 Nh5 14. Be3 a4 15. b4 Ne6 16. Rc1 Nxd4 17. Bxd4 f5 18. Bxg7 Nxg7 19. Qd2 Be6 20. exf5 Nxf5 21. Ne4 Bxc4 22. g4 Nh4 23. g5 Kf8 24. Rxc4 Nxg2 25. Kxg2 d5 26. Rd4 Qe7 27. Qf4+ Kg7 28. Nd6 Qxe1 29. Qf7+ Kh8 30. Rh4 1-0

[Event "WchT Seniors 50"]
[Site "Struga"]
[Date "2023.09.23"]
[Round "5.4"]
[White "Novikov, Igor A"]
[Black "Davies, Nigel Rodney"]
[Result "1/2-1/2"]
[WhiteElo "2513"]
[BlackElo "2354"]
[PlyCount "42"]
[EventDate "2023.09.19"]
[EventType "team-swiss"]
[EventRounds "9"]
[EventCountry "MKD"]
[SourceTitle "CBM 216 Extra"]
[Source "ChessBase"]
[SourceDate "2023.11.30"]
[SourceVersion "1"]
[SourceVersionDate "2023.11.30"]
[SourceQuality "1"]
[WhiteTeam "USA 50"]
[BlackTeam "England 50"]
[WhiteTeamCountry "USA"]
[BlackTeamCountry "ENG"]

1. d4 Nf6 2. c4 e6 3. Nf3 d5 4. Nc3 a6 5. cxd5 exd5 6. Bg5 Be6 7. e3 Nbd7 8. Bd3 Bd6 9. 0-0 0-0 10. Rc1 c6 11. Qc2 h6 12. Bf4 Qc7 13. Bg3 Bxg3 14. hxg3 Nb6 15. Na4 Nxa4 16. Qxa4 Ne8 17. e4 dxe4 18. Bxe4 Rd8 19. Rfe1 Nf6 20. Bb1 Rfe8 21. Qc2 Qb6 1/2-1/2

[Event "Maia op 7th"]
[Site "Maia"]
[Date "2023.08.30"]
[Round "6"]
[White "Davies, Nigel Rodney"]
[Black "Van den Bersselaar, Jeroen"]
[Result "1-0"]
[WhiteElo "2371"]
[BlackElo "2116"]
[PlyCount "75"]
[EventDate "2023.08.25"]
[EventType "swiss"]
[EventRounds "9"]
[EventCountry "POR"]
[SourceTitle "CBM 216 Extra"]
[Source "ChessBase"]
[SourceDate "2023.11.30"]
[SourceVersion "1"]
[SourceVersionDate "2023.11.30"]
[SourceQuality "1"]

1. Nf3 d5 2. g3 Nd7 3. c4 dxc4 4. Qa4 a6 5. Qxc4 b5 6. Qc2 Bb7 7. d3 Ngf6 8. Bg2 e6 9. 0-0 c5 10. a4 Be7 11. Nc3 Qb6 12. axb5 axb5 13. Rxa8+ Bxa8 14. Qb3 Nd5 15. Bg5 Nxc3 16. Qxc3 f6 17. Be3 0-0 18. Ra1 Bd5 19. Ne1 Qb7 20. Qa5 Ne5 21. Qa6 Qxa6 22. Rxa6 Rc8 23. Bd2 b4 24. Nc2 Bxg2 25. Kxg2 Nc6 26. Ne3 Kf7 27. f4 e5 28. Nc4 exf4 29. gxf4 Nd4 30. Kf2 Rd8 31. Be3 Nf5 32. Ra5 Rd5 33. Kf3 Nd6 34. Nd2 Rh5 35. Bg1 Nf5 36. Nb3 g6 37. Nxc5 Nh4+ 38. Ke4 1-0